000 01194nam a22003377a 4500
003 CHAP
005 20220329134424.0
008 971013s1976 r 00010 d
010 _a20276
011 _a21248
035 _a25337
040 _cCHAP
090 _aTesis
100 0 0 _aAraujo Villarreal, Jose Elias.
_96541
245 _aAlteraciones fisiológicas en borregos, postratamiento de timpanismo agudo empleando detergentes aniónicos (ABS)
260 _aMéxico, D.F. :
_bEl autor,
_c1976
300 _as.p.
502 _aTesis (Médico Veterinario Zootecnista) -- UNAM. Fac. de Medicina Veterinaria y Zootecnia
590 _aALEPH
_b10
_c20130110
_lUCH01
_h1243
590 _aBATCH-UPD
_b10
_c20130110
_lUCH01
_h0006
590 _aBATCH-UPD
_b10
_c20130110
_lUCH01
_h1622
590 _aBATCH-UPD
_b10
_c20130410
_lUCH01
_h1017
590 _aBATCH-UPD
_b10
_c20130914
_lUCH01
_h1154
590 _aCONVERSION
_b10
_c20130109
_lUCH01
_h1312
650 1 4 _aDetergentes
_xEfecto en animales.
_932210
650 1 4 _aGanado lanar
_xAnatomía y fisiología.
_945155
650 1 4 _aGanado lanar
_xEnfermedades.
_945173
901 _aBK
942 _cTESIS
949 _bBC
_cTES
_d-58417
_eTS1
_i25337
_si
999 _c20276
_d20276